TV shows that aired after the Superbowl - Statistics

General Stats
  • This quiz has been taken 55 times
    13 since last reset
  • The average score is 5 of 51
Answer Stats
Hint Answer % Correct
1996 NBC Friends
67%
1972 CBS 60 Minutes
56%
1980 CBS 60 Minutes
56%
1982 CBS 60 Minutes
56%
1978 CBS All in the Family
33%
2001 CBS Survivor
33%
2004 CBS Survivor
33%
2006 ABC Grey's Anatomy
22%
2017 Fox 24
11%
2005 Fox American Dad Simpsons
11%
1995 ABC Extreme
11%
1999 Fox Family Guy, Simpsons
11%
2011 Fox Glee
11%
2008 Fox House
11%
2009 NBC The Office
11%
2018 NBC This is us
11%
2010 CBS Undercover Boss
11%
1988 ABC Wonder Years
11%
1997 Fox X files
11%
1998 NBC 3rd Rock from the sun
0%
1992 CBS 60 Minutes 48 Hours
0%
1984 CBS Air Wolf
0%
2003 ABC Alias
0%
1983 NBC A Team
0%
1971 NBC Bing Crosby Golf Tournament
0%
2015 NBC Blacklist
0%
1989 NBC Brotherhood of the Rose
0%
1979 NBC Brothers and SIsters
0%
1981 NBC Chips
0%
2007 CBS Criminal Minds
0%
1991 ABC Davis Rules
0%
2013 CBS Elementary
0%
1969 NBC G.E. College Bowl
0%
1990 CBS Grand Slam
0%
1987 CBS Hard Copy
0%
1993 NBC Homicide
0%
1994 NBC John Larroquette Show
0%
1967 CBS Lassie
0%
1968 CBS Lassie
0%
1970 CBS Lassie
0%
2016 CBS Late Show Colbert
0%
1985 ABC Macgruder and Lound
0%
2002 Fox Malcolm in the Middle
0%
1975 NBC NBC News
0%
2014 Fox New Girl
0%
1974 CBS New Perry Mason
0%
1976 CBS Phoenix Golf Tournament
0%
2000 ABC Practice
0%
1986 NBC The Last Precint
0%
2012 NBC The Voice
0%
1977 NBC Wonderful World of Disney
0%
No matching quizzes found
Score Distribution
Percent of People with Each Score
Percentile by Number Answered
Your Score History
You have not taken this quiz since the last reset